000 00573cam a2200217 4500
001 86611
006 a|||||r|||| 00| 0
008 090401s1970 xxk||||| |||| 00| 0 eng d
035 _a(Sirsi) u9172
041 _aeng
050 _a333.3320212
100 _aParry, Richard
245 _aParry's valuation tables and conversion tables, compiled by Alick W. Davidson
250 _a9th
260 _aLondon,
_bEstates Gazette,
_c1970
300 _axxxviii. 514. 64p. 22cm
350 _a5
690 _96273
_aValuation
942 _2ddc
_cBOOK
_n0
948 _c04/03/1997
999 _c86611
_d86611